[Event "CRO-ch U19"]
[Site "Split"]
[Date "2021.07.27"]
[Round "4"]
[White "Birkic, Josip"]
[Black "Sos, Fran"]
[Result "1-0"]
[WhiteElo "1958"]
[BlackElo "1946"]
[PlyCount "57"]
[EventDate "2021.07.25"]
[EventType "swiss"]
[EventRounds "9"]
[EventCountry "CRO"]
[SourceTitle "EXT 2022"]
[Source "ChessBase"]
[SourceDate "2021.10.06"]
[SourceVersion "1"]
[SourceVersionDate "2021.10.06"]
[SourceQuality "1"]

1. d4 Nf6 2. Nf3 c5 3. d5 b5 4. Bg5 Qb6 5. Bxf6 Qxf6 6. c3 Qb6 7. e4 g6 8. Qc2 Bg7 9. Be2 e6 10. 0-0 exd5 11. exd5 0-0 12. a4 b4 13. Nbd2 Na6 14. Rad1 Rb8 15. Nc4 Qf6 16. Nfd2 bxc3 17. Ne4 Qe7 18. bxc3 f5 19. Ned6 Rf6 20. Nb5 d6 21. Rfe1 Qd7 22. Na5 Bb7 23. Bc4 Nc7 24. Nc6 Re8 25. Nbxa7 Rff8 26. Nb5 Rxe1+ 27. Rxe1 Re8 28. Qd2 Kh8 29. Nxc7 1-0

[Event "CRO-ch U19"]
[Site "Split"]
[Date "2021.07.26"]
[Round "3"]
[White "Galoic, David"]
[Black "Birkic, Josip"]
[Result "1-0"]
[WhiteElo "1780"]
[BlackElo "1958"]
[PlyCount "119"]
[EventDate "2021.07.25"]
[EventType "swiss"]
[EventRounds "9"]
[EventCountry "CRO"]
[SourceTitle "EXT 2022"]
[Source "ChessBase"]
[SourceDate "2021.10.06"]
[SourceVersion "1"]
[SourceVersionDate "2021.10.06"]
[SourceQuality "1"]

1. Nf3 d5 2. g3 Nf6 3. Bg2 g6 4. 0-0 c5 5. c4 Nc6 6. d3 Bg7 7. Nc3 d4 8. Nb1 0-0 9. Bd2 h6 10. b4 cxb4 11. a3 bxa3 12. Nxa3 Nd7 13. Nc2 a5 14. Qc1 Kh7 15. Qb2 e5 16. Nb4 Nxb4 17. Bxb4 Re8 18. Qd2 b6 19. c5 Bb7 20. Ng5+ hxg5 21. Bxb7 Rb8 22. c6 axb4 23. cxd7 Qxd7 24. Be4 Qe7 25. Ra4 Bf8 26. Rfa1 Qf6 27. Ra7 Bc5 28. R1a6 Re7 29. Qa2 Rc8 30. Bd5 Kg7 31. Qb3 g4 32. Qa2 Rcc7 33. Ra8 Qg5 34. Rb8 Red7 35. Raa8 Bd6 36. Rg8+ Kf6 37. Rae8 Qc1+ 38. Kg2 Qc2 39. Bxf7 Qxa2 40. Bxa2 Be7 41. Rh8 Rc2 42. Bb3 Rc3 43. Ba4 b3 44. Bxd7 b2 45. Reg8 b1Q 46. Rh6 Ba3 47. Rgxg6+ Ke7 48. Rh7+ Kf8 49. Be6 Ke8 50. Rg8+ Bf8 51. Bd7+ Kd8 52. Rxf8+ Kc7 53. Rf6 Kb7 54. Bc8+ Kb8 55. Ba6 Qb4 56. Rb7+ Ka8 57. Rff7 Qa3 58. Ra7+ Kb8 59. Rfb7+ Kc8 60. Ra8# 1-0

[Event "CRO-chT U20 30th"]
[Site "Rabac"]
[Date "2021.04.08"]
[Round "6.3"]
[White "Baric, Marko"]
[Black "Birkic, Josip"]
[Result "0-1"]
[WhiteElo "1936"]
[BlackElo "1972"]
[PlyCount "142"]
[EventDate "2021.04.06"]
[EventType "team-tourn"]
[EventRounds "11"]
[EventCountry "CRO"]
[SourceTitle "CBM 201 Extra"]
[Source "ChessBase"]
[SourceDate "2021.05.31"]
[SourceVersion "1"]
[SourceVersionDate "2021.05.31"]
[SourceQuality "1"]
[WhiteTeam "Split Mornar U20"]
[BlackTeam "Rijeka Junior U20"]
[WhiteTeamCountry "CRO"]
[BlackTeamCountry "CRO"]

1. e4 c5 2. Nf3 Nc6 3. Bb5 g6 4. 0-0 Bg7 5. Re1 e5 6. c3 a6 7. Bf1 Nge7 8. d3 0-0 9. Be3 b6 10. Na3 d5 11. exd5 Nxd5 12. Nc4 Qc7 13. h3 h6 14. Qd2 Kh7 15. Qc2 Bf5 16. Bd2 Be6 17. a4 Rad8 18. Rad1 Nf4 19. Kh1 Nd5 20. Bc1 Rd7 21. g3 Rfd8 22. Bg2 b5 23. axb5 axb5 24. Ncd2 f5 25. Nf1 b4 26. N1d2 bxc3 27. bxc3 Nb6 28. Nb1 c4 29. d4 e4 30. Bf4 Qa7 31. Nh2 Bd5 32. Be3 Ra8 33. g4 Qa2 34. Re2 Rda7 35. h4 Qxc2 36. Rxc2 Ra2 37. Rxa2 Rxa2 38. Kg1 Na4 39. h5 Bf8 40. hxg6+ Kxg6 41. gxf5+ Kxf5 42. Bh3+ Kg6 43. Bd7 Rc2 44. Rc1 Rxc1+ 45. Bxc1 Nb6 46. Be8+ Kf6 47. Ng4+ Ke7 48. Bxc6 Bxc6 49. Ba3+ Ke8 50. Bxf8 Kxf8 51. Nxh6 Nd5 52. Nf5 Ba4 53. Ne3 Nf4 54. Nxc4 Bc2 55. Ncd2 Ke7 56. Kh2 Kd6 57. Kg3 Ne2+ 58. Kg4 Kd5 59. Na3 Bd3 60. Nab1 Bc2 61. Kg5 Bd3 62. Kg4 Bc2 63. Kh3 Bd3 64. Kg2 Nf4+ 65. Kh2 Ne2 66. Kh3 Nf4+ 67. Kh4 Ne2 68. Kg5 Bc2 69. Kf6 Bd3 70. Ke7 Nf4 71. Na3 Nh3 0-1

[Event "CRO-chT U20 30th"]
[Site "Rabac"]
[Date "2021.04.06"]
[Round "1.3"]
[White "Birkic, Josip"]
[Black "Sagovac, Kristijan"]
[Result "1-0"]
[WhiteElo "1972"]
[BlackElo "1920"]
[PlyCount "149"]
[EventDate "2021.04.06"]
[EventType "team-tourn"]
[EventRounds "11"]
[EventCountry "CRO"]
[SourceTitle "CBM 201 Extra"]
[Source "ChessBase"]
[SourceDate "2021.05.31"]
[SourceVersion "1"]
[SourceVersionDate "2021.05.31"]
[SourceQuality "1"]
[WhiteTeam "Rijeka Junior U20"]
[BlackTeam "Sesvete Agroproteinka U20"]
[WhiteTeamCountry "CRO"]
[BlackTeamCountry "CRO"]

1. d4 Nf6 2. Nf3 e6 3. Bf4 d5 4. e3 Bd6 5. Bg3 0-0 6. c4 c5 7. cxd5 cxd4 8. Bxd6 Qxd6 9. Qxd4 exd5 10. Nc3 Nc6 11. Qh4 Bf5 12. Be2 a6 13. Rd1 Rfe8 14. 0-0 b5 15. Nd4 Be4 16. Nxc6 Qxc6 17. Rd4 Rab8 18. Bd1 a5 19. a4 b4 20. Ne2 Bc2 21. b3 Bxd1 22. Rdxd1 Re4 23. Qg3 Rbe8 24. Rc1 Qa6 25. Qf3 Nd7 26. Ng3 R4e5 27. Rfd1 Qe6 28. h4 Nf6 29. Rc5 Ne4 30. Rxa5 Nc3 31. Rd4 Qb6 32. Raxd5 Nxd5 33. Rxd5 Rxd5 34. Qxd5 Rc8 35. Nf5 Qe6 36. e4 g6 37. Ne3 Rc1+ 38. Kh2 Qxd5 39. Nxd5 Rb1 40. Nxb4 Rxb3 41. Nd5 Ra3 42. Nb6 Rb3 43. Nd5 Rd3 44. f3 Rd4 45. Kg3 Rxa4 46. h5 g5 47. h6 Ra6 48. Kg4 Rxh6 49. e5 Kg7 50. g3 Re6 51. f4 gxf4 52. gxf4 Rg6+ 53. Kh5 Rg1 54. Nf6 Rf1 55. Nd5 Rh1+ 56. Kg5 h6+ 57. Kg4 h5+ 58. Kg3 Kh6 59. Ne3 Rb1 60. Nf5+ Kg6 61. Nh4+ Kh7 62. Nf5 Rg1+ 63. Kh4 Rg4+ 64. Kxh5 Rxf4 65. Kg5 Kg8 66. Kxf4 Kf8 67. Nd4 Ke7 68. Kf5 Kd7 69. Kf6 Ke8 70. Nf5 Kf8 71. Nd6 Kg8 72. Nxf7 Kh7 73. Nh6 Kh8 74. e6 Kh7 75. e7 1-0

[Event "Bosnjaci op 25th"]
[Site "Bosnjaci"]
[Date "2020.01.07"]
[Round "7"]
[White "Birkic, Josip"]
[Black "Sipic, Hrvoje"]
[Result "0-1"]
[WhiteElo "1996"]
[BlackElo "2210"]
[PlyCount "54"]
[EventDate "2020.01.03"]
[EventType "swiss"]
[EventRounds "9"]
[EventCountry "CRO"]
[SourceTitle "CBM 194 Extra"]
[Source "ChessBase"]
[SourceDate "2020.03.31"]
[SourceVersion "1"]
[SourceVersionDate "2020.03.31"]
[SourceQuality "1"]

1. d4 c5 2. d5 Nf6 3. c4 b5 4. cxb5 a6 5. bxa6 Bxa6 6. Nc3 g6 7. Nf3 Bg7 8. e4 Bxf1 9. Kxf1 d6 10. g3 0-0 11. Kg2 Nbd7 12. Qe2 Qa5 13. a4 Rfb8 14. Ra3 Rb4 15. Bd2 Rxb2 16. Nd1 Rb4 17. Bxb4 cxb4 18. Ra2 b3 19. Rd2 Nc5 20. Rd4 Nfd7 21. Rd2 Qxa4 22. Re1 Qb4 23. e5 Nxe5 24. Nxe5 Bxe5 25. f4 Bf6 26. h4 Ne4 27. Rd3 Ra2 0-1

[Event "CRO-ch U17/U19"]
[Site "Vinkovci"]
[Date "2019.07.27"]
[Round "8"]
[White "Baric, Marko"]
[Black "Birkic, Josip"]
[Result "1/2-1/2"]
[WhiteElo "1862"]
[BlackElo "1831"]
[PlyCount "54"]
[EventDate "2019.07.22"]
[EventType "swiss"]
[EventRounds "9"]
[EventCountry "CRO"]
[SourceTitle "EXT 2020"]
[Source "ChessBase"]
[SourceDate "2019.10.17"]
[SourceVersion "1"]
[SourceVersionDate "2019.10.17"]
[SourceQuality "1"]

1. b3 e5 2. Bb2 Nc6 3. e3 d5 4. Bb5 Bd6 5. f4 Qe7 6. Nf3 Bg4 7. h3 Bxf3 8. Qxf3 Nf6 9. 0-0 0-0 10. Bxc6 bxc6 11. c4 e4 12. Qg3 Kh8 13. Nc3 Rg8 14. Ne2 Ba3 15. Bd4 Nd7 16. f5 Bd6 17. Qg4 f6 18. Nf4 Bxf4 19. Qxf4 Ne5 20. Bxe5 fxe5 21. Qg4 Rgf8 22. Rac1 Rf6 23. Rc2 Rc8 24. Qh4 Qf7 25. Kh2 Rh6 26. Qg4 Rf6 27. Rfc1 Qd7 1/2-1/2

[Event "CRO-chT U20 26th"]
[Site "Sv Filip i Jakov"]
[Date "2018.04.06"]
[Round "7.10"]
[White "Simunic, Krunoslav"]
[Black "Birkic, Josip"]
[Result "1-0"]
[WhiteElo "2060"]
[BlackElo "1781"]
[PlyCount "57"]
[EventDate "2018.04.03"]
[EventType "team-swiss"]
[EventRounds "11"]
[EventCountry "CRO"]
[SourceTitle "CBM 184 Extra"]
[Source "ChessBase"]
[SourceDate "2018.06.28"]
[SourceVersion "1"]
[SourceVersionDate "2018.06.28"]
[SourceQuality "1"]

1. d4 Nf6 2. c4 Nc6 3. Nf3 e6 4. Nc3 Bb4 5. g3 d6 6. Bg2 0-0 7. 0-0 Bxc3 8. bxc3 e5 9. Qc2 Re8 10. d5 Ne7 11. Nd2 Ng6 12. Ne4 Nd7 13. h4 f5 14. Bg5 Nf6 15. h5 Nh8 16. Nxf6+ gxf6 17. Bd2 Nf7 18. e4 f4 19. gxf4 exf4 20. Bxf4 Ne5 21. h6 Kh8 22. Bxe5 Rxe5 23. f4 Rh5 24. Kf2 f5 25. Rh1 Rh4 26. Qd2 Kg8 27. Rag1 Qf6 28. Qd4 Rxf4+ 29. Bf3+ 1-0

[Event "Hvar op U15"]
[Site "Hvar"]
[Date "2017.10.01"]
[Round "5"]
[White "Radovcic, Gabrijel"]
[Black "Birkic, Josip"]
[Result "1-0"]
[WhiteElo "1563"]
[BlackElo "1635"]
[PlyCount "75"]
[EventDate "2017.09.29"]
[EventType "swiss"]
[EventRounds "5"]
[EventCountry "CRO"]
[SourceTitle "EXT 2019"]
[Source "ChessBase"]
[SourceDate "2018.10.10"]
[SourceVersion "1"]
[SourceVersionDate "2018.10.10"]
[SourceQuality "1"]

1. d4 Nf6 2. c4 e6 3. Nf3 Bb4+ 4. Bd2 Bxd2+ 5. Nbxd2 b6 6. g3 Bb7 7. Bg2 d6 8. Qc2 Nbd7 9. e4 c5 10. 0-0 0-0 11. e5 dxe5 12. dxe5 Ng4 13. Rfe1 Rb8 14. h3 Nh6 15. g4 Qe7 16. Rad1 Rfd8 17. Nh2 Bxg2 18. Kxg2 f5 19. exf6 gxf6 20. Ne4 Ne5 21. Nf3 Nxf3 22. Kxf3 Nf7 23. Kg3 Rd4 24. b3 Rbd8 25. Nc3 Ng5 26. Nb5 Rxd1 27. Rxd1 a6 28. Nc3 Rd4 29. Ne2 Rxd1 30. Qxd1 f5 31. f3 fxg4 32. hxg4 Qf6 33. Nf4 Qd4 34. Qe2 e5 35. Nd5 b5 36. Qc2 e4 37. fxe4 Nxe4+ 38. Qxe4 1-0

[Event "CRO-ch U15"]
[Site "Trogir"]
[Date "2017.06.20"]
[Round "7"]
[White "Kakuk, Tibor"]
[Black "Birkic, Josip"]
[Result "1/2-1/2"]
[WhiteElo "1693"]
[BlackElo "1694"]
[PlyCount "64"]
[EventDate "2017.06.17"]
[EventType "swiss"]
[EventRounds "9"]
[EventCountry "CRO"]
[SourceTitle "CBM 179 Extra"]
[Source "ChessBase"]
[SourceDate "2017.08.23"]
[SourceVersion "1"]
[SourceVersionDate "2017.08.23"]
[SourceQuality "1"]

1. e4 e5 2. Nf3 Nc6 3. d4 exd4 4. Nxd4 Bc5 5. Nb3 Bb6 6. Nc3 d6 7. Qe2 Be6 8. Be3 Bxe3 9. Qxe3 Qe7 10. 0-0-0 a6 11. Nd4 Nxd4 12. Qxd4 Qf6 13. Qa4+ Bd7 14. Qb4 0-0-0 15. f3 Ne7 16. Kb1 Qg5 17. Qd4 Nc6 18. Qf2 f5 19. Bd3 Rhf8 20. Rhe1 Rde8 21. Re2 Kb8 22. a3 Ne5 23. Qd4 Nxd3 24. cxd3 fxe4 25. dxe4 Qe5 26. Qg1 Bb5 27. Rd5 Bxe2 28. Rxe5 Bd3+ 29. Kc1 Rxe5 30. Qd4 Bf1 31. Qf2 Bd3 32. Qd4 Bf1 1/2-1/2